[Event "DSOL 05 Liga Gr-C 1st"]
[Site "Playchess.com INT"]
[Date "2020.08.05"]
[Round "7.1"]
[White "Buchholz, Peter"]
[Black "Hoke, Joshua Sky"]
[Result "1/2-1/2"]
[WhiteElo "2041"]
[BlackElo "1762"]
[PlyCount "104"]
[EventDate "2020.06.22"]
[EventType "team-tourn (rapid)"]
[EventCountry "GER"]
[SourceTitle "EXT 2021"]
[Source "ChessBase"]
[SourceDate "2020.10.23"]
[SourceVersion "1"]
[SourceVersionDate "2020.10.23"]
[SourceQuality "1"]
[WhiteTeam "Datteln"]
[BlackTeam "Gottingen Rot-Weiss II"]
[WhiteTeamCountry "GER"]
[BlackTeamCountry "GER"]

1. e4 e5 2. Nf3 Nc6 3. d4 exd4 4. Nxd4 Bc5 5. Nxc6 Qf6 6. Qf3 Qxc6 7. Nc3 Nf6 8. Bb5 Qe6 9. 0-0 0-0 10. Bg5 Bd4 11. Rfe1 d6 12. Nd5 Nxd5 13. exd5 Qg6 14. Be7 Bg4 15. Qe4 Bxb2 16. Rab1 Bc3 17. Re3 Bf5 18. Qc4 Bxc2 19. Rg3 Qh6 20. Bg5 Qh5 21. Qxc3 Bxb1 22. Be7 Qe5 23. Qxe5 dxe5 24. Bxf8 Rxf8 25. Bc4 Bg6 26. Ra3 a6 27. Re3 Re8 28. f4 e4 29. g4 h6 30. f5 Bh7 31. Kf2 Kf8 32. Kg3 g6 33. fxg6 Bxg6 34. Kf4 Ke7 35. Ke5 f6+ 36. Kd4 Kd6 37. Bb3 c5+ 38. dxc6 Kxc6 39. Bd5+ Kd6 40. Bxb7 a5 41. h4 f5 42. gxf5 Bxf5 43. a3 h5 44. Bd5 Bg6 45. Bxe4 Bxe4 46. Rxe4 Rg8 47. Rf4 Rg6 48. Ke4 Ke6 49. Rf5 Rg4+ 50. Rf4 Rg6 51. Rf5 Rg4+ 52. Rf4 Rg6 1/2-1/2

[Event "GER Cup Net V4 U1600"]
[Site "Playchess.com INT"]
[Date "2020.05.31"]
[Round "8"]
[White "Hoke, Joshua Sky"]
[Black "Tonne, Grant Hendrik"]
[Result "1-0"]
[WhiteElo "1622"]
[BlackElo "1620"]
[PlyCount "43"]
[EventDate "2020.05.31"]
[EventType "swiss (blitz)"]
[EventRounds "9"]
[EventCountry "GER"]
[SourceTitle "EXT 2021"]
[Source "ChessBase"]
[SourceDate "2020.10.23"]
[SourceVersion "1"]
[SourceVersionDate "2020.10.23"]
[SourceQuality "1"]

1. e4 e5 2. Nf3 Nc6 3. Bb5 a6 4. Ba4 Nf6 5. 0-0 b5 6. Bb3 Be7 7. Re1 0-0 8. h3 d6 9. c3 Na5 10. Bc2 c5 11. d4 cxd4 12. cxd4 exd4 13. Nxd4 Qc7 14. Bf4 Nc4 15. Nc3 Nxb2 16. Qf3 Nc4 17. Bb3 Qc5 18. Rad1 Bb7 19. Nf5 Nb2 20. Rb1 Rfe8 21. Rxb2 Qxf5 22. exf5 1-0

[Event "GER Cup Net V1 U1600"]
[Site "Playchess.com INT"]
[Date "2020.05.19"]
[Round "2"]
[White "Hoke, Joshua Sky"]
[Black "Birk, Wilfried Christoph"]
[Result "1-0"]
[WhiteElo "1521"]
[BlackElo "1421"]
[PlyCount "59"]
[EventDate "2020.05.19"]
[EventType "swiss (blitz)"]
[EventRounds "9"]
[EventCountry "GER"]
[SourceTitle "EXT 2021"]
[Source "ChessBase"]
[SourceDate "2020.10.23"]
[SourceVersion "1"]
[SourceVersionDate "2020.10.23"]
[SourceQuality "1"]

1. e4 c6 2. d4 d5 3. Nc3 dxe4 4. Nxe4 Nf6 5. Nxf6+ exf6 6. Nf3 Bf5 7. Bd3 Bg6 8. Bxg6 hxg6 9. 0-0 Bd6 10. Be3 0-0 11. Qd2 Nd7 12. Rad1 Qc7 13. h3 Rfe8 14. Rfe1 Rad8 15. c3 Nf8 16. Qc1 Ne6 17. Nd2 Bf4 18. Nc4 Bxe3 19. Rxe3 b6 20. Rde1 b5 21. Nd2 a6 22. Nf3 Kf8 23. b3 Qd6 24. Qb2 Qd7 25. Qa3+ Qd6 26. Qxa6 c5 27. Qxb5 cxd4 28. cxd4 Nxd4 29. Rxe8+ Rxe8 30. Rxe8# 1-0

[Event "GER-ch U18 sf Berlin Online"]
[Site "Playchess.com INT"]
[Date "2020.05.01"]
[Round "2"]
[White "Heiligtag, Matthias"]
[Black "Hoke, Joshua Sky"]
[Result "1-0"]
[WhiteElo "1713"]
[BlackElo "1536"]
[PlyCount "111"]
[EventDate "2020.05.01"]
[EventType "swiss (blitz)"]
[EventRounds "13"]
[EventCountry "GER"]
[SourceTitle "CBM 195 Extra"]
[Source "ChessBase"]
[SourceDate "2020.05.31"]
[SourceVersion "1"]
[SourceVersionDate "2020.05.31"]
[SourceQuality "1"]

1. e4 e5 2. Nf3 Nc6 3. Bc4 Bc5 4. c3 Nf6 5. d3 d6 6. Nbd2 0-0 7. Nf1 Be6 8. Bb3 Ne7 9. Ng3 Ng6 10. Be3 Bb6 11. 0-0 c6 12. d4 exd4 13. cxd4 d5 14. e5 Nd7 15. Rc1 Rc8 16. Re1 Qe7 17. a3 h6 18. Bc2 c5 19. Bxg6 fxg6 20. dxc5 Bxc5 21. Bxc5 Nxc5 22. Qc2 Qf7 23. Rf1 Ne4 24. Qe2 Nxg3 25. fxg3 Bg4 26. Rxc8 Rxc8 27. h3 Bxf3 28. Rxf3 Qe7 29. Rd3 Rd8 30. Qe3 b6 31. e6 Qc5 32. Qxc5 bxc5 33. e7 Re8 34. Rxd5 c4 35. Rd8 Kf7 36. Rxe8 Kxe8 37. Kf2 Kxe7 38. Ke3 Kd6 39. Kd4 a6 40. Kxc4 Kc6 41. b4 Kd6 42. a4 Kc6 43. b5+ axb5+ 44. axb5+ Kb6 45. Kd5 Kxb5 46. Ke6 Kc6 47. Kf7 Kd7 48. Kxg7 Ke6 49. Kxg6 Ke7 50. Kxh6 Kf6 51. g4 Kf7 52. g5 Kg8 53. Kg6 Kh8 54. Kf7 Kh7 55. g6+ Kh8 56. g7+ 1-0

[Event "GER-ch U18 sf Berlin Online"]
[Site "Playchess.com INT"]
[Date "2020.05.01"]
[Round "3"]
[White "Hoke, Joshua Sky"]
[Black "Ach, Maximilian"]
[Result "1-0"]
[WhiteElo "1536"]
[BlackElo "1620"]
[PlyCount "121"]
[EventDate "2020.05.01"]
[EventType "swiss (blitz)"]
[EventRounds "13"]
[EventCountry "GER"]
[SourceTitle "CBM 195 Extra"]
[Source "ChessBase"]
[SourceDate "2020.05.31"]
[SourceVersion "1"]
[SourceVersionDate "2020.05.31"]
[SourceQuality "1"]

1. e4 e5 2. Nf3 Nf6 3. Nxe5 d6 4. Nf3 Nxe4 5. d4 d5 6. Bd3 Bd6 7. 0-0 Nc6 8. c4 Nf6 9. Re1+ Be6 10. Ng5 Nxd4 11. Nxe6 Nxe6 12. cxd5 Nxd5 13. Bc4 Nb6 14. Bxe6 fxe6 15. Rxe6+ Kd7 16. Qg4 Kc6 17. Qf3+ Kd7 18. Re1 Re8 19. Be3 Kc8 20. Nc3 Bc5 21. Bxc5 Rxe1+ 22. Rxe1 Qd2 23. Qf8+ Kd7 24. Qe7+ Kc6 25. Bxb6 axb6 26. Qe4+ Kd7 27. Qd5+ Qxd5 28. Nxd5 Rd8 29. Nc3 Kc6 30. Rd1 Re8 31. Kf1 Ra8 32. f3 b5 33. a3 Kc5 34. Ne4+ Kc4 35. Rc1+ Kb3 36. Rxc7 Kxb2 37. Rxb7 Rxa3 38. Rxb5+ Kc2 39. Rc5+ Kd3 40. Rc3+ Rxc3 41. Nxc3 Kxc3 42. Ke2 Kd4 43. g3 Ke5 44. Ke3 g5 45. f4+ gxf4+ 46. gxf4+ Kf5 47. Kf3 h6 48. h3 h5 49. h4 Kf6 50. Ke4 Ke6 51. f5+ Kf6 52. Kf4 Kf7 53. Kg5 Kg7 54. Kxh5 Kf6 55. Kg4 Kg7 56. h5 Kf7 57. h6 Kg8 58. f6 Kh7 59. f7 Kh8 60. f8Q+ Kh7 61. Qg7# 1-0

[Event "GER-ch NSV Online 1st"]
[Site "Playchess.com INT"]
[Date "2020.04.26"]
[Round "4"]
[White "Hoke, Joshua Sky"]
[Black "Hilck, Joerg"]
[Result "1-0"]
[WhiteElo "1545"]
[BlackElo "1828"]
[PlyCount "122"]
[EventDate "2020.04.26"]
[EventType "swiss (blitz)"]
[EventRounds "13"]
[EventCountry "GER"]
[SourceTitle "CBM 196 Extra"]
[Source "ChessBase"]
[SourceDate "2020.07.31"]
[SourceVersion "1"]
[SourceVersionDate "2020.07.31"]
[SourceQuality "1"]

1. e4 c6 2. d4 d5 3. Nc3 dxe4 4. Nxe4 Nf6 5. Ng3 Qc7 6. Nf3 Bg4 7. h3 Bxf3 8. Qxf3 g6 9. Bc4 Bg7 10. Be3 0-0 11. 0-0 Nbd7 12. c3 e5 13. Rfe1 Rae8 14. dxe5 Nxe5 15. Qf4 Qb8 16. Bf1 Ned7 17. Qxb8 Nxb8 18. Bd4 b6 19. Bd3 c5 20. Be5 Rd8 21. Rad1 Nc6 22. Bf4 Nd5 23. Bc1 Nc7 24. Bc2 b5 25. b3 Bxc3 26. Re3 Bd4 27. Red3 Nb4 28. R3d2 Nxc2 29. Rxc2 Bxf2+ 30. Kxf2 Rxd1 31. Rxc5 Ne6 32. Rc6 Rfd8 33. Be3 R1d7 34. Ne2 Ra8 35. Ra6 Kg7 36. Ra5 a6 37. Bb6 Rb7 38. Be3 Kf8 39. Nc3 Ke7 40. Nd5+ Kd6 41. Nf6 h5 42. Ne4+ Ke7 43. Nd2 Rc7 44. Nf3 Kd7 45. Ne5+ Ke8 46. Nd3 Rc3 47. Nb4 Rc2+ 48. Kf3 Rc7 49. Rxa6 Rxa6 50. Nxa6 Ra7 51. Nb4 Ke7 52. Bxa7 f5 53. Be3 Kf6 54. Nd5+ Ke5 55. Nf4 Nxf4 56. Bxf4+ Kd4 57. a4 bxa4 58. bxa4 Kc4 59. a5 Kb5 60. Bd2 Ka6 61. Kf4 Kb5 1-0

[Event "GER-ch Net Amateur Gr-B Vor3"]
[Site "Playchess.com INT"]
[Date "2020.04.16"]
[Round "7"]
[White "Apelt, Andreas"]
[Black "Hoke, Joshua Sky"]
[Result "0-1"]
[WhiteElo "1329"]
[BlackElo "1491"]
[PlyCount "48"]
[EventDate "2020.04.16"]
[EventType "swiss (blitz)"]
[EventRounds "9"]
[EventCountry "GER"]
[SourceTitle "CBM 195 Extra"]
[Source "ChessBase"]
[SourceDate "2020.05.31"]
[SourceVersion "1"]
[SourceVersionDate "2020.05.31"]
[SourceQuality "1"]

1. d4 d5 2. Bf4 e6 3. e3 Nf6 4. Nd2 c5 5. c3 Bd6 6. Bg3 Qc7 7. Ngf3 Nbd7 8. Bd3 0-0 9. Qe2 e5 10. dxe5 Nxe5 11. Nxe5 Bxe5 12. 0-0 Bxg3 13. hxg3 Re8 14. Nf3 Bg4 15. Qd1 Rad8 16. Be2 Ne4 17. Nh4 Bxe2 18. Qxe2 d4 19. cxd4 cxd4 20. Rac1 Qb6 21. Nf5 dxe3 22. Nxe3 Nxg3 23. Qg4 Nxf1 24. Nf5 Qg6 0-1

[Event "GER-ch Net Amateur Gr-B Vor1"]
[Site "Playchess.com INT"]
[Date "2020.04.14"]
[Round "1"]
[White "Hoke, Joshua Sky"]
[Black "Bigalke, Moritz"]
[Result "0-1"]
[WhiteElo "1664"]
[BlackElo "1554"]
[PlyCount "74"]
[EventDate "2020.04.14"]
[EventType "swiss (blitz)"]
[EventRounds "9"]
[EventCountry "GER"]
[SourceTitle "EXT 2021"]
[Source "ChessBase"]
[SourceDate "2020.10.23"]
[SourceVersion "1"]
[SourceVersionDate "2020.10.23"]
[SourceQuality "1"]

1. e4 e5 2. Nf3 Nc6 3. Bb5 a6 4. Ba4 Nf6 5. 0-0 b5 6. Bb3 Be7 7. Re1 d6 8. c3 0-0 9. h3 Na5 10. Bc2 c5 11. d4 cxd4 12. cxd4 Bb7 13. dxe5 dxe5 14. Qxd8 Rfxd8 15. Nxe5 Rac8 16. Bb3 Nxb3 17. axb3 Nxe4 18. Be3 Bf6 19. Nf3 Bxb2 20. Ra2 Bf6 21. Nbd2 Nxd2 22. Nxd2 Bc3 23. Re2 Bf6 24. Nf1 Rc3 25. Rab2 h6 26. Rb1 Be4 27. Ra1 Rxb3 28. Rxa6 Rb1 29. Rd2 Bd3 30. Kh2 Rxf1 31. Rb6 Kh7 32. Ra2 Bc4 33. Raa6 Rdd1 34. Kg3 Be5+ 35. Kf3 Rfe1 36. Rb7 f5 37. Raa7 Be2# 0-1